00449 a2200169 450000100060000002000060000604000220001210000220003424000250005624500200008130000080010136200090010965000260011894200070014495201110015199900170026258406 a  cAnchieta - Pituba aSoares, Francisco10aMeu deus sou eulpor10aMeu deus sou eu a1390 a1999 4aFicção brasileira cBK 00104070a91.1b91.1d2023-11-21l0o869.93 S676m SOA MEUp8972/PITr2023-11-21 18:26:13w2023-11-21yBK c58406d58406